Základy rádiolokácie

Bibliographic Details
Main Author: Vach, Jozef (Author)
Format: Book
Language:Slovak
PhysicalDescription:124 s., 9,091 AH Sch. 29 cm
Published: Bratislava Slovenská vysoká škola technická 1983
Edition:1. vyd.

MARC

LEADER 00000nam a2200000 a 4500
001 vtls001091011
003 SK-MaSNL
005 20260301104933.0
008 250414s1983 xo 0 slo
015 |a SNBA1983/04 
035 |a SNK000033853 
040 |a SNK  |b slo  |c SNK  |e AACR2 
041 0 |a slo 
044 |a xo  |c SK 
080 |a 621.396.96(075.8)  |2 1981 
100 1 |a Vach, Jozef  |4 aut  |9 47504 
245 1 0 |a Základy rádiolokácie  |c Jozef Vach 
250 |a 1. vyd. 
260 |a Bratislava  |b Slovenská vysoká škola technická  |c 1983  |e Bratislava  |f Edičné stredisko SVŠT 
300 |a 124 s., 9,091 AH  |b Sch.  |c 29 cm 
366 |e 250 výtl. 
500 |a Schválil Rektorát SVŠT v Bratislave ako skriptum. Rozmn. 
852 |a Slovenská národná knižnica 
954 |a rádiolokácia 
958 |a OND 
958 |a RM 
958 |a UV 
999 |c 699521  |d 701451 
952 |a SNK  |b SNK  |y PREZ  |7 0  |p 17A0782324  |o snkSB 35374  |0 0  |1 0  |4 0  |d 2012-03-15  |f 1  |l 0  |r 2025-04-11 00:00:00  |w 2026-02-23 
952 |t P60, <04>, [BOOK], {604}  |a SNK  |b SNK  |y VYP  |7 0  |p 17A0238787  |o snkSB 35374 D1  |0 0  |1 0  |4 0  |d 2000-05-17  |l 0  |r 2004-12-31 00:00:00  |w 2026-02-23